|
|
|
|
| LEADER |
00000nab a2200000 ar4500 |
| 001 |
vtls009478087 |
| 003 |
SK-MaSNL |
| 005 |
20260318122411.0 |
| 008 |
090227c2008 xo |||||||| 000 b|hun |
| 015 |
|
|
|a SNBRB2009/02
|2 snkbucl
|
| 038 |
|
|
|a SNKBUCL
|
| 040 |
|
|
|a DSZK
|b slo
|c DSZK
|e AACR2
|
| 041 |
0 |
|
|a hun
|
| 044 |
|
|
|a xo
|c SK
|
| 080 |
|
|
|a 379.831:061.2
|x (439)
|2 1997
|
| 080 |
|
|
|a 796.03
|2 1997
|
| 080 |
|
|
|a 711.455.8
|x (439)
|2 1997
|
| 100 |
1 |
|
|a Kovács, Árpád
|4 aut
|9 1256917
|
| 245 |
1 |
0 |
|a A 365 napos cserkésztábor
|b cserkészparkok bemutatkozása
|c Kovács Árpád
|
| 246 |
3 |
|
|a Háromszázhatvanöt napos cserkésztábor
|
| 300 |
|
|
|b Fotogr.
|
| 610 |
2 |
7 |
|a Zväz skautov (Maďarsko)
|2 snkbucl
|9 1530682
|
| 610 |
2 |
7 |
|a Csobánkai Közép-európai Cserkészpark (Csobánka, Maďarsko)
|2 snkbucl
|9 1530683
|
| 650 |
0 |
7 |
|a skauting
|2 snkbucl
|9 3238
|
| 650 |
0 |
7 |
|a skautské parky
|2 snkbucl
|9 1530592
|
| 651 |
|
7 |
|a Csobánka (Maďarsko)
|2 snkbucl
|9 1530684
|
| 773 |
0 |
|
|t Cserkész
|g Évf. 18, sz. 11-12 (2008), o. 46
|x 1336-0434
|
| 852 |
|
|
|a SNK
|b KIS3GCP
|
| 852 |
|
|
|a DSZK
|b KIS3GCP
|
| 958 |
|
|
|a HU
|
| 958 |
|
|
|a SK
|
| 999 |
|
|
|c 3082550
|d 3084480
|